000 01945nam0a2200373 4500
001 RU\NLR\bibl\1749687
005 20260407234847.0
010 _a978-5-91290-115-7
_9500
021 _aRU
_b2011-13278
_9949
035 _a(NLR Aleph) 001740554
090 _a1456609
_c1456609
100 _a20110322d2010 |||y0rusy50 ca
101 0 _arus
102 _aRU
105 _aa |||||||||
200 1 _aРоссия и мир в XXI веке
_eматериалы постоянно действующего научного семинара
_fСеминар "Интеллетуал. основы гос. упр."
_g[науч.-ред. совет.: В.И. Якунин (пред.) и др.]
210 _aМосква
_cНаучный эксперт
_d2010
215 _a158, [1] с.
_cил.
_d21
300 _aЗагл. обл.: Россия и мир, XXI
300 _aВ надзаг.: Центр пробл. анализа и гос.-управлен. проектирования
309 _aНа тит. л. и в вып. дан.: Вып. N°4
320 _aБиблиогр. в подстроч. примеч.
512 0 _aРоссия и мир, XXI
606 1 _aВсеобщая история
_jСъезды, совещания и т.п.
_z20 - нач. 21 вв.
_92436224
_3RU\NLR\auth\661449676
607 _aРоссийская Федерация
_jСъезды, совещания и т.п.
_xИстория
_z21 в.
_92607290
_3RU\NLR\auth\661543848
686 _aТ3(2)74я431
686 _aТ3(0)63я431
702 1 _4340
_7ca
_8rus
_aЯкунин
_bВ. И.
_f1948 -
_gВладимир Иванович
_947777
_3RU\NLR\auth\7764848
711 0 2 _a"Интеллектуальные основы государственного управления", семинар
_cМосква
_9819828
_3RU\NLR\AUTH\8810161971
801 0 _aRU
_bNLR
_c20110322
_gRCR
801 1 _aRU
_bNLR
_c20110322
942 _cBOOK
980 _aNB